[Event "XXXIII C.to Italiano femminile"]
[Site "Bratto - Castione della Presolana ITA"]
[Date "2006.08.25"]
[Round "7"]
[White "Mosca, Giulia"]
[Black "Palmitessa, Chiara"]
[Result "1/2-1/2"]
[WhiteElo "1563"]
[BlackElo "1569"]
[PlyCount "108"]
[EventDate "2006.08.19"]

1. e4 e5 2. Nf3 Nc6 3. Bb5 d6 4. d4 exd4 5. Nxd4 Bd7 6. Nxc6 Bxc6 7. Bxc6+ bxc6
8. Nc3 Nf6 9. Bg5 Be7 10. Qf3 Nd7 11. Bxe7 Qxe7 12. O-O O-O 13. Rfe1 Ne5 14.
Qg3 Rfe8 15. f3 Qf6 16. Na4 Nxf3+ 17. gxf3 Qd4+ 18. Kh1 Qxa4 19. Qg2 Qb5 20. c3
Qe5 21. Re2 Re6 22. Rf1 Qf4 23. Qf2 c5 24. Rd1 a6 25. Rd5 Re5 26. Rxe5 Qxe5 27.
f4 Qe7 28. Qf3 Rd8 29. Qd3 Qh4 30. Qe3 h6 31. Rf2 Qg4 32. Qd3 Qc8 33. Rd2 Re8
34. Qf3 Qb7 35. Re2 Kf8 36. f5 c6 37. Kg1 Qc7 38. Qd3 Ra8 39. Rd2 Ke7 40. Qg3
Rg8 41. f6+ Kxf6 42. Qxd6+ Qxd6 43. Rxd6+ Ke5 44. Rxc6 Kxe4 45. Rxc5 f5 46.
Rc4+ Kf3 47. Rc7 Rd8 48. h4 Rd1+ 49. Kh2 Rd2+ 50. Kh3 Rd1 51. Kh2 Rd2+ 52. Kh3
Rd1 53. Kh2 Rd2+ 54. Kh3 Rd1 1/2-1/2

[Event "XXXIII C.to Italiano femminile"]
[Site "Bratto - Castione della Presolana ITA"]
[Date "2006.08.25"]
[Round "7"]
[White "Palmitessa, Irene"]
[Black "Messina, Roberta"]
[Result "0-1"]
[WhiteElo "1643"]
[BlackElo "1859"]
[PlyCount "70"]
[EventDate "2006.08.19"]

1. e4 c5 2. Nf3 d6 3. Nc3 Nc6 4. d4 cxd4 5. Nxd4 a6 6. Be3 Qc7 7. Be2 e6 8. O-O
Nf6 9. Qd2 Be7 10. Rad1 O-O 11. f4 b5 12. a3 Bb7 13. Bf3 Rac8 14. Qf2 Rfe8 15.
Qg3 Bf8 16. f5 Nxd4 17. Bxd4 e5 18. Be3 Qc4 19. Bh6 Qc5+ 20. Kh1 Qc4 21. Rde1
Kh8 22. Bg5 Be7 23. h4 h6 24. Bd2 Rcd8 25. Qh2 d5 26. g4 dxe4 27. Bd1 e3+ 28.
Bf3 Bxf3+ 29. Rxf3 exd2 30. Rg1 Bc5 31. Rgf1 e4 32. Rf4 Bd6 33. Qf2 Bxf4 34.
Qxf4 e3 35. Qxc4 bxc4 0-1

[Event "XXXIII C.to Italiano femminile"]
[Site "Bratto - Castione della Presolana ITA"]
[Date "2006.08.25"]
[Round "7"]
[White "Tonel, Giulia"]
[Black "Costantini, Laura"]
[Result "0-1"]
[WhiteElo "1905"]
[BlackElo "2048"]
[PlyCount "96"]
[EventDate "2006.08.19"]

1. e4 c5 2. Nf3 d6 3. d4 cxd4 4. Qxd4 Nc6 5. Bb5 Bd7 6. Bxc6 Bxc6 7. Nc3 Nf6 8.
Bg5 e6 9. O-O-O Be7 10. Rhe1 Qa5 11. Qd2 Qc7 12. Kb1 O-O 13. Nd4 a6 14. f3 Rfd8
15. g4 b5 16. Nce2 Bb7 17. Ng3 Rac8 18. Nh5 Nxh5 19. gxh5 Bxg5 20. Qxg5 h6 21.
Qd2 Qe7 22. Rg1 Kh8 23. Qf2 Rc5 24. Qg3 Rg8 25. Nb3 Re5 26. Qg4 d5 27. Rde1
dxe4 28. fxe4 f6 29. Re2 Qf7 30. Nd4 Qxh5 31. Qxh5 Rxh5 32. Nxe6 Rh4 33. Nc5
Bc8 34. b4 Re8 35. a3 Rf4 36. Kb2 h5 37. c3 Kh7 38. a4 bxa4 39. Ka3 h4 40. Kxa4
h3 41. c4 g5 42. b5 axb5+ 43. cxb5 g4 44. Ka5 Rf3 45. Kb6 g3 46. Kc6 Rg8 47. b6
g2 48. b7 Bxb7+ 0-1

[Event "XXXIII C.to Italiano femminile"]
[Site "Bratto - Castione della Presolana ITA"]
[Date "2006.08.25"]
[Round "7"]
[White "Varagnolo, Silvia"]
[Black "Ammendola, Monica"]
[Result "1/2-1/2"]
[WhiteElo "1667"]
[BlackElo "1640"]
[PlyCount "77"]
[EventDate "2006.08.19"]

1. e4 e6 2. d4 d5 3. exd5 exd5 4. Bd3 Nf6 5. Bg5 Be7 6. Nf3 O-O 7. O-O Nc6 8.
c3 Bg4 9. Nbd2 Ne4 10. Bxe7 Qxe7 11. Qc2 f5 12. Qb3 Qd6 13. Nxe4 fxe4 14. Bxe4
Ne7 15. Ne5 Bf5 16. Bf3 Kh8 17. Rfe1 c5 18. Qd1 Rac8 19. Rc1 c4 20. Qd2 Ng6 21.
Qe3 Nh4 22. Qf4 Nxf3+ 23. Qxf3 Bg6 24. Qg3 Rf6 25. Re3 Rcf8 26. Rf1 Kg8 27. Ng4
Re6 28. Qxd6 Rxd6 29. Re5 Bf5 30. Ne3 Be6 31. Re1 Rf6 32. Nc2 Rb6 33. Nb4 a5
34. Nxd5 Bxd5 35. Rxd5 Rxb2 36. Rxa5 Rfxf2 37. Rg5 Rxa2 38. Rd1 Rac2 39. Rg3
1/2-1/2

[Event "XXXIII C.to Italiano femminile"]
[Site "Bratto - Castione della Presolana ITA"]
[Date "2006.08.25"]
[Round "7"]
[White "Vocaturo, Ilaria"]
[Black "Brunello, Marina"]
[Result "0-1"]
[WhiteElo "1580"]
[BlackElo "1944"]
[PlyCount "132"]
[EventDate "2006.08.19"]

1. d4 Nf6 2. Nf3 e6 3. Bg5 d5 4. e3 Be7 5. Bd3 Nbd7 6. Nbd2 c5 7. c3 b6 8. O-O
Bb7 9. Qe2 Ne4 10. Bf4 O-O 11. Ne5 f5 12. f3 Nxd2 13. Qxd2 c4 14. Bc2 b5 15.
Qe2 Nf6 16. Rab1 a6 17. Bg5 Rc8 18. Rbe1 Qe8 19. Qd2 h6 20. Bh4 Kh7 21. Qe2 Rg8
22. e4 dxe4 23. fxe4 Nxe4 24. Bxe7 Qxe7 25. Qh5 g6 26. Qh3 Ng5 27. Qe3 Bd5 28.
Qg3 Rcf8 29. Qh4 Qg7 30. Bd1 Rf6 31. Nf3 Nxf3+ 32. Bxf3 g5 33. Qg3 Qd7 34. Qe5
Kg6 35. Rf2 Bxf3 36. Rxf3 Rd8 37. Rfe3 Kf7 38. Qc5 Qe7 39. Re5 Qd6 40. Qa7+ Rd7
41. Qc5 Qxc5 42. Rxc5 Rd6 43. Kf2 Kg6 44. Re2 Rf7 45. Rce5 Kf6 46. Re1 Re7 47.
R1e2 Rd5 48. Re1 Kf7 49. R1e2 Rxe5 50. Rxe5 Rd7 51. Kf3 Rd5 52. Re2 Kf6 53. g3
e5 54. dxe5+ Rxe5 55. Rxe5 Kxe5 56. Ke3 f4+ 57. Kf3 Kf5 58. gxf4 gxf4 59. Kf2
Kg4 60. b3 Kf5 61. Kf3 h5 62. h3 Ke5 63. bxc4 bxc4 64. a3 a5 65. a4 Kf5 66. Kf2
Ke4 0-1

[Event "XXXIII C.to Italiano femminile"]
[Site "Bratto - Castione della Presolana ITA"]
[Date "2006.08.26"]
[Round "8"]
[White "Ammendola, Monica"]
[Black "Mosca, Giulia"]
[Result "1/2-1/2"]
[WhiteElo "1640"]
[BlackElo "1563"]
[PlyCount "67"]
[EventDate "2006.08.19"]

1. b3 d5 2. Bb2 Nf6 3. Nf3 g6 4. g3 Bg7 5. Bg2 Nbd7 6. d3 c5 7. Nbd2 O-O 8. O-O
b6 9. e4 Bb7 10. e5 Ng4 11. Qe2 Qc7 12. Rfe1 e6 13. h3 Nh6 14. Ng5 d4 15. f4
Nf5 16. Bxb7 Qxb7 17. Kh2 Ne3 18. Nde4 h6 19. Nf3 Nb8 20. Nd6 Qc7 21. Nc4 Nf5
22. g4 Ne7 23. Qe4 Qc6 24. h4 Qxe4 25. Rxe4 Nbc6 26. a3 Rab8 27. Rg1 Kh7 28. h5
gxh5 29. gxh5 Nf5 30. Bc1 Rg8 31. Kh3 Bh8 32. Ree1 Rxg1 33. Rxg1 Rg8 34. Rxg8
1/2-1/2

[Event "XXXIII C.to Italiano femminile"]
[Site "Bratto - Castione della Presolana ITA"]
[Date "2006.08.26"]
[Round "8"]
[White "Brunello, Marina"]
[Black "Tonel, Giulia"]
[Result "0-1"]
[WhiteElo "1944"]
[BlackElo "1905"]
[PlyCount "62"]
[EventDate "2006.08.19"]

1. e4 e5 2. Nf3 Nc6 3. d4 exd4 4. Nxd4 Nf6 5. Nc3 Bb4 6. Nxc6 bxc6 7. Bd3 d5 8.
exd5 cxd5 9. O-O O-O 10. Bg5 c6 11. Na4 h6 12. Bh4 Re8 13. c4 Bd6 14. cxd5 cxd5
15. Nc3 Be6 16. Bb5 Rf8 17. Kh1 Rb8 18. Qd2 Be5 19. Bd3 Ne4 20. Nxe4 Qxh4 21.
g3 Qg4 22. f3 Qh3 23. Nc3 Bxg3 24. f4 Bh4 25. Qe2 Bg4 26. Qd2 Bf3+ 27. Rxf3
Qxf3+ 28. Kg1 Rfe8 29. Nxd5 Red8 30. Bc4 Rb6 31. Nf6+ Bxf6 0-1

[Event "XXXIII C.to Italiano femminile"]
[Site "Bratto - Castione della Presolana ITA"]
[Date "2006.08.26"]
[Round "8"]
[White "Brunello, Roberta"]
[Black "Chierici, Marianna"]
[Result "1-0"]
[WhiteElo "1863"]
[BlackElo "1938"]
[PlyCount "91"]
[EventDate "2006.08.19"]

1. e4 d6 2. d4 Nf6 3. Nc3 e5 4. Nf3 Nbd7 5. Bc4 Be7 6. O-O O-O 7. Re1 c6 8. a4
Qc7 9. h3 h6 10. b3 Nb6 11. Bd3 Nbd7 12. Bb2 Re8 13. Ne2 Nh5 14. Qd2 Bf8 15.
Rad1 a6 16. a5 g6 17. c4 b5 18. axb6 Qxb6 19. Bc2 a5 20. Ba3 c5 21. dxe5 dxe5
22. Nc3 Qc6 23. Nb5 Nb6 24. Bb2 f6 25. Ra1 a4 26. Nc3 Be6 27. Nd5 Bg7 28. Qd1
Qb7 29. Ba3 Bf8 30. Qd3 Red8 31. bxa4 Kf7 32. a5 Rxa5 33. Reb1 Rb8 34. Rxb6 Qa7
35. Rxb8 Qxb8 36. Bb2 Rxa1+ 37. Bxa1 Ng7 38. Qb3 Qa7 39. Bc3 Qd7 40. Bxe5 Ne8
41. Bxf6 Qa7 42. Bc3 g5 43. Ne5+ Kg8 44. Ng4 Kf7 45. Bb2 h5 46. Qf3+ 1-0

[Event "XXXIII C.to Italiano femminile"]
[Site "Bratto - Castione della Presolana ITA"]
[Date "2006.08.26"]
[Round "8"]
[White "De Rosa, Mariagrazia"]
[Black "Matta, Francesca"]
[Result "1-0"]
[WhiteElo "2092"]
[BlackElo "1841"]
[PlyCount "109"]
[EventDate "2006.08.19"]

1. d4 Nf6 2. Nc3 d5 3. Bg5 Nbd7 4. e3 e6 5. Bd3 Be7 6. f4 O-O 7. Nf3 c5 8. O-O
a6 9. a4 b6 10. Nb1 Bb7 11. c3 c4 12. Bc2 b5 13. Ne5 Qc7 14. Rf3 Rfe8 15. Rh3
Nf8 16. Bxf6 Bxf6 17. Bxh7+ Nxh7 18. Qh5 Kf8 19. Qxh7 bxa4 20. Nd2 Bc6 21. Ndf3
Ke7 22. Qh5 Rf8 23. Ng5 Be8 24. Qg4 Qb7 25. Ng6+ Kd6 26. Nxf8 Qxb2 27. Qd1 Rb8
28. e4 Bxg5 29. fxg5 a3 30. Re3 Ba4 31. Qc1 a2 32. Qxb2 Rxb2 33. exd5 Rb1+ 34.
Re1 Rxe1+ 35. Rxe1 exd5 36. g6 fxg6 37. Ra1 Bb3 38. Nxg6 Ke6 39. Ne5 Kf5 40.
Kf2 Ke4 41. Ke2 a5 42. g4 Kf4 43. Kf2 Kg5 44. h3 Kf6 45. h4 Ke6 46. Kg3 Kd6 47.
g5 Kc7 48. h5 Kb6 49. h6 gxh6 50. gxh6 Bc2 51. Rxa2 Be4 52. Nd7+ Kb5 53. Kf4
Bd3 54. Ke5 Be4 55. Nf6 1-0

[Event "XXXIII C.to Italiano femminile"]
[Site "Bratto - Castione della Presolana ITA"]
[Date "2006.08.26"]
[Round "8"]
[White "Di Cerbo, Giulia"]
[Black "Capuano, Francesca"]
[Result "1-0"]
[WhiteElo "1914"]
[BlackElo "1977"]
[PlyCount "143"]
[EventDate "2006.08.19"]

1. d4 d5 2. Nf3 Nf6 3. Bf4 g6 4. e3 Bg7 5. c3 O-O 6. Be2 c5 7. Nbd2 Nc6 8. dxc5
Nh5 9. Bg3 Nxg3 10. hxg3 a5 11. a4 e5 12. Nb3 Be6 13. O-O Qe7 14. Re1 f5 15.
Qc2 Qf7 16. Ng5 Qf6 17. Nxe6 Qxe6 18. Rad1 Kh8 19. Bf3 Rad8 20. Rd2 Qf7 21.
Red1 e4 22. Be2 g5 23. Bb5 Ne5 24. Nxa5 f4 25. gxf4 gxf4 26. exf4 Ng4 27. Nc4
Qh5 28. Ne3 Rxf4 29. Nxg4 Qxg4 30. Rxd5 Rdf8 31. Rd8 Qf5 32. Rxf8+ Qxf8 33. Re1
Qxc5 34. Rxe4 Rf6 35. Qe2 Qg5 36. Qc2 Bf8 37. b4 Rg6 38. Bf1 Qh5 39. Qe2 Qg5
40. Re3 Rf6 41. Rg3 Qd5 42. Qc4 Qxc4 43. Bxc4 Rg6 44. Rxg6 hxg6 45. Bd5 b6 46.
a5 bxa5 47. bxa5 Bc5 48. Kf1 Kg7 49. Ke2 Kf6 50. f3 Ke5 51. Be4 g5 52. Kd3 Ba7
53. Bb7 Kd6 54. Kc4 Kc7 55. Be4 Bf2 56. Kb5 Be3 57. c4 Kb8 58. c5 Ka7 59. a6
Bf4 60. Bb7 Bg3 61. Kc6 Bf2 62. Kd6 Bg3+ 63. Kd7 Kb8 64. c6 Bf4 65. Ke6 Be3 66.
Kf5 Kc7 67. g3 Kb8 68. f4 gxf4 69. gxf4 Kc7 70. Ke5 Bc5 71. Ke6 Kd8 72. f5 1-0

[Event "XXXIII C.to Italiano femminile"]
[Site "Bratto - Castione della Presolana ITA"]
[Date "2006.08.26"]
[Round "8"]
[White "Monticone, Sonia"]
[Black "Sautto, Alessandra"]
[Result "0-1"]
[WhiteElo "1623"]
[BlackElo "1950"]
[PlyCount "90"]
[EventDate "2006.08.19"]

1. c4 e6 2. Nc3 d5 3. d4 Nf6 4. Bg5 Nbd7 5. Nf3 Be7 6. e3 O-O 7. Bd3 dxc4 8.
Bxc4 a6 9. O-O b5 10. Bb3 Bb7 11. Rc1 c5 12. Bc2 Qb6 13. Ne5 Rfd8 14. dxc5 Nxc5
15. Qe2 b4 16. Nb1 h6 17. Bh4 Bd5 18. b3 a5 19. Nd2 Qc7 20. Ndf3 Bxf3 21. Nxf3
Nd5 22. Bxe7 Qxe7 23. Qc4 Rdc8 24. Qh4 Qxh4 25. Nxh4 Nc3 26. Ra1 Rd8 27. Nf3
Kf8 28. Nd4 e5 29. Nf3 f6 30. Bf5 Ke7 31. Bg4 a4 32. Nh4 Rd2 33. Rfc1 Nd3 34.
Rf1 Nxa2 35. bxa4 Rxa4 36. Nf3 Rb2 37. Bf5 Nc5 38. Rfc1 Nxc1 39. Rxc1 Kd6 40.
Rd1+ Kc6 41. Bg6 Raa2 42. Rf1 Re2 43. Bf7 Ra7 44. Bg6 Rea2 45. h3 b3 0-1

[Event "XXXIII C.to Italiano femminile"]
[Site "Bratto - Castione della Presolana ITA"]
[Date "2006.08.26"]
[Round "8"]
[White "Palmitessa, Chiara"]
[Black "Varagnolo, Silvia"]
[Result "1/2-1/2"]
[WhiteElo "1569"]
[BlackElo "1667"]
[PlyCount "50"]
[EventDate "2006.08.19"]

1. e4 c6 2. d4 d5 3. exd5 cxd5 4. Nf3 Nc6 5. c3 g6 6. Bf4 Bg7 7. Bd3 Nf6 8. O-O
O-O 9. Nbd2 Bf5 10. Bxf5 gxf5 11. Ne5 Nxe5 12. Bxe5 Kh8 13. Nf3 e6 14. Qd2 Ne4
15. Bxg7+ Kxg7 16. Qf4 Qf6 17. Ne5 Qg5 18. Qxg5+ Nxg5 19. f3 f6 20. Nd3 h6 21.
Rfe1 Rfe8 22. Re2 Re7 23. Rae1 Rae8 24. Kf2 Kf7 25. Re3 b6 1/2-1/2

[Event "XXXIII C.to Italiano femminile"]
[Site "Bratto - Castione della Presolana ITA"]
[Date "2006.08.26"]
[Round "8"]
[White "Panella, Fiammetta"]
[Black "Costantini, Laura"]
[Result "1-0"]
[WhiteElo "1954"]
[BlackElo "2048"]
[PlyCount "183"]
[EventDate "2006.08.19"]

1. e4 c5 2. Nf3 d6 3. d4 cxd4 4. Nxd4 Nf6 5. Nc3 a6 6. f4 e5 7. Nf3 Nbd7 8. a4
Be7 9. Bd3 O-O 10. O-O Nc5 11. Kh1 exf4 12. Bxf4 Bg4 13. Qe1 Bh5 14. Nd2 Re8
15. h3 Bg6 16. Qf2 Nxd3 17. cxd3 Rc8 18. Rad1 Qa5 19. Nc4 Qb4 20. Ne3 Qb3 21.
Rd2 Bf8 22. Bg5 Nd7 23. Ncd5 Nc5 24. Nf5 Qxa4 25. Nb6 Qb5 26. Nxc8 Rxc8 27. Nh4
Qd7 28. Qf3 Re8 29. Rdf2 f6 30. Nxg6 hxg6 31. Bc1 Qb5 32. Rd1 Qb3 33. Rff1 Qe6
34. Bf4 Nd7 35. Rc1 Nc5 36. b4 Nb3 37. Rc7 Re7 38. Rxe7 Bxe7 39. Qe3 Kf7 40.
Rb1 a5 41. bxa5 Nxa5 42. Qb6 Nc6 43. Qxb7 Ne5 44. Qa6 Nd7 45. Qa8 g5 46. Bg3
Nc5 47. Rb8 Kg6 48. Qa3 Nd7 49. Rb7 Nc5 50. Rb6 Kf7 51. Qa7 Nd7 52. Rc6 Ne5 53.
Bxe5 Qxe5 54. Rc7 Kf8 55. Rc8+ Kf7 56. Rc7 Kf8 57. Rc8+ Kf7 58. Qa8 Qf4 59.
Qa2+ Kg6 60. Qe2 Qe5 61. Qf1 Kf7 62. Qd1 g6 63. Qb3+ Qe6 64. Qb8 f5 65. Rc4 Kg7
66. Qc7 Kf6 67. Qb6 Kf7 68. Qd4 Bf6 69. Qa7+ Be7 70. Qd4 Bf6 71. Qa7+ Be7 72.
Qb7 Kf6 73. Qc8 Qxc8 74. Rxc8 Ke6 75. Kg1 Bf6 76. Rc4 Ke5 77. Kf2 d5 78. exd5
Kxd5 79. Ke3 Be5 80. Ra4 Bd6 81. Rd4+ Ke5 82. Ra4 Kd5 83. Ra8 Bc5+ 84. Kd2 Ke5
85. Ra6 Kf4 86. Rxg6 g4 87. hxg4 fxg4 88. Kc3 Ba7 89. d4 Bb8 90. Kc4 g3 91. Kd5
Ke3 92. Rf6 1-0

[Event "XXXIII C.to Italiano femminile"]
[Site "Bratto - Castione della Presolana ITA"]
[Date "2006.08.26"]
[Round "8"]
[White "Reginato, Sabrina"]
[Black "Arnetta, Maria Teresa"]
[Result "0-1"]
[WhiteElo "1517"]
[BlackElo "2020"]
[PlyCount "40"]
[EventDate "2006.08.19"]

1. e4 e5 2. Nf3 Nc6 3. d4 exd4 4. Nxd4 Bc5 5. Nxc6 Qf6 6. Qd2 Qxc6 7. Nc3 Nf6
8. Bd3 O-O 9. O-O d6 10. Qf4 Bd4 11. Ne2 Be5 12. Qd2 Nxe4 13. Qe3 Nc5 14. f4
Bf6 15. Kh1 Re8 16. Qg3 Nxd3 17. Qxd3 b6 18. c3 Bb7 19. Rg1 a5 20. Nd4 Qxg2+
0-1

[Event "XXXIII C.to Italiano femminile"]
[Site "Bratto - Castione della Presolana ITA"]
[Date "2006.08.26"]
[Round "8"]
[White "Santurbano, Maria Vincenza"]
[Black "Messina, Roberta"]
[Result "1/2-1/2"]
[WhiteElo "1985"]
[BlackElo "1859"]
[PlyCount "52"]
[EventDate "2006.08.19"]

1. e4 c5 2. Nf3 d6 3. d4 cxd4 4. Nxd4 Nf6 5. Nc3 a6 6. Be2 e6 7. O-O Be7 8. Be3
Qc7 9. a4 Nc6 10. f4 O-O 11. Bf3 Bd7 12. Qe1 Rad8 13. Qf2 Rb8 14. Nb3 b6 15.
Kh1 Rfe8 16. Rad1 Bf8 17. Rd2 Nb4 18. e5 dxe5 19. fxe5 Nfd5 20. Bxd5 exd5 21.
Qxf7+ Kh8 22. Nxd5 Nxd5 23. Rxd5 Be7 24. Rxd7 Qxd7 25. e6 Qxa4 26. Bd4 Qxd4
1/2-1/2

[Event "XXXIII C.to Italiano femminile"]
[Site "Bratto - Castione della Presolana ITA"]
[Date "2006.08.26"]
[Round "8"]
[White "Vocaturo, Ilaria"]
[Black "Fittante, Giuliana"]
[Result "0-1"]
[WhiteElo "1580"]
[BlackElo "1883"]
[PlyCount "56"]
[EventDate "2006.08.19"]

1. d4 Nf6 2. Nf3 d5 3. Bg5 Ne4 4. Bf4 c5 5. e3 Qb6 6. b3 Nc6 7. Bd3 Qa5+ 8.
Nfd2 cxd4 9. exd4 Nxd4 10. Bxe4 dxe4 11. c3 Ne6 12. Bg3 f5 13. Nc4 Qc5 14. h4
g6 15. h5 Bg7 16. Qd2 b5 17. Nb2 Bb7 18. Nd1 Rd8 19. Qc1 Kf7 20. a4 b4 21. Ra2
Ba6 22. c4 Rd3 23. Nb2 Rxb3 24. Nd2 Rc3 25. Qd1 Rd8 26. Qb1 b3 27. Ra1 Rxg3 28.
Rg1 Bc3 0-1

[Event "XXXIII C.to Italiano femminile"]
[Site "Bratto - Castione della Presolana ITA"]
[Date "2006.08.26"]
[Round "8"]
[White "Zanaboni, Alessandra"]
[Black "Chiarion, Elisa"]
[Result "1/2-1/2"]
[WhiteElo "1617"]
[BlackElo "1636"]
[PlyCount "124"]
[EventDate "2006.08.19"]

1. e4 c5 2. c3 d6 3. d4 Nf6 4. Bd3 cxd4 5. cxd4 g6 6. f4 Bg7 7. Nf3 O-O 8. O-O
Nfd7 9. Nc3 Nc6 10. Be3 Nb4 11. Bb1 Nb6 12. Qb3 Nc6 13. Ng5 Nxd4 14. Bxd4 Bxd4+
15. Kh1 e6 16. Bc2 Bd7 17. Ne2 Ba4 18. Qh3 h5 19. Nxd4 Qf6 20. Bxa4 Nxa4 21.
Ndf3 Qxf4 22. g3 Qg4 23. Qg2 e5 24. h3 Qd7 25. Nh4 Qe7 26. Qd2 Nxb2 27. Rf2 Nc4
28. Qc1 Rac8 29. Ngf3 Nb6 30. Qh6 Qf6 31. Ng5 Qg7 32. Qxg7+ Kxg7 33. Raf1 Kg8
34. Rxf7 Rxf7 35. Rxf7 Rc1+ 36. Kg2 Rc2+ 37. Rf2 Rxf2+ 38. Kxf2 Kg7 39. Ne6+
Kf6 40. Nd8 d5 41. exd5 Nxd5 42. Nxb7 Nc3 43. a3 Ne4+ 44. Kg2 Nd2 45. Nc5 Nc4
46. a4 g5 47. Nf3 Kf5 48. Kf2 e4 49. Ne1 Ke5 50. Nc2 Kd5 51. Nb3 Ne5 52. Ne3+
Kd6 53. Nd4 a6 54. Ndf5+ Kc5 55. Ng7 Kb4 56. Nxh5 Kxa4 57. h4 gxh4 58. gxh4 Nf3
59. Nf5 Kb5 60. Nf6 a5 61. h5 a4 62. h6 Ng5 1/2-1/2

[Event "XXXIII C.to Italiano femminile"]
[Site "Bratto - Castione della Presolana ITA"]
[Date "2006.08.27"]
[Round "9"]
[White "Ammendola, Monica"]
[Black "Palmitessa, Chiara"]
[Result "0-1"]
[WhiteElo "1640"]
[BlackElo "1569"]
[PlyCount "62"]
[EventDate "2006.08.19"]

1. b3 e5 2. Bb2 Nc6 3. Nf3 d6 4. g3 Nf6 5. Bg2 Be7 6. O-O O-O 7. d3 Be6 8. h3
h6 9. g4 Nh7 10. e4 Qd7 11. Qd2 h5 12. Qe3 hxg4 13. hxg4 Bxg4 14. Nh2 Bg5 15.
Qg3 Bf4 16. Qh4 g5 17. Qh6 Qe6 18. Qxe6 Bxh2+ 19. Kxh2 Bxe6 20. Nd2 Kg7 21. Bh3
Bxh3 22. Kxh3 Nf6 23. a3 Rh8+ 24. Kg3 Rh4 25. Rh1 Rah8 26. Kg2 Kg6 27. Rxh4
gxh4 28. Kh3 Nh5 29. Rg1+ Kf6 30. Kxh4 Nf4+ 31. Kg4 Rg8+ 0-1

[Event "XXXIII C.to Italiano femminile"]
[Site "Bratto - Castione della Presolana ITA"]
[Date "2006.08.27"]
[Round "9"]
[White "Arnetta, Maria Teresa"]
[Black "De Rosa, Mariagrazia"]
[Result "1/2-1/2"]
[WhiteElo "2020"]
[BlackElo "2092"]
[PlyCount "81"]
[EventDate "2006.08.19"]

1. e4 g6 2. d4 Bg7 3. Nc3 c6 4. Nf3 d5 5. h3 Nh6 6. Be3 dxe4 7. Nxe4 Nf5 8. Bc4
O-O 9. O-O b5 10. Bb3 a5 11. a4 b4 12. Re1 Nxe3 13. fxe3 Nd7 14. Nfg5 Nf6 15.
Nxf7 Rxf7 16. Ng5 e6 17. Nxe6 Bxe6 18. Bxe6 Qe7 19. Bxf7+ Kxf7 20. e4 Re8 21.
Qf3 Kg8 22. Rad1 c5 23. dxc5 Qxc5+ 24. Kh1 Rc8 25. Qb3+ Kh8 26. Qf7 Rf8 27. Qb3
Nh5 28. Rf1 Be5 29. Rxf8+ Qxf8 30. Qc4 Ng3+ 31. Kg1 Kg7 32. Rd7+ Kh6 33. Rf7
Qd8 34. Qd3 Qd6 35. Rf2 Qd4 36. Qf3 Qxe4 37. Qxe4 Nxe4 38. Re2 Bd4+ 39. Kh2 Nc5
40. b3 Nb7 41. g3 1/2-1/2

[Event "XXXIII C.to Italiano femminile"]
[Site "Bratto - Castione della Presolana ITA"]
[Date "2006.08.27"]
[Round "9"]
[White "Capuano, Francesca"]
[Black "Reginato, Sabrina"]
[Result "1/2-1/2"]
[WhiteElo "1977"]
[BlackElo "1517"]
[PlyCount "48"]
[EventDate "2006.08.19"]

1. d4 d5 2. Nf3 Nf6 3. Bf4 e6 4. e3 Bd6 5. Bg3 Qe7 6. Nbd2 Nbd7 7. Ne5 c5 8. c3
Ne4 9. Nxe4 dxe4 10. Qg4 Bxe5 11. dxe5 f5 12. exf6 Nxf6 13. Qh4 O-O 14. Bc4 Kh8
15. O-O Rg8 16. Be5 Bd7 17. Rad1 Rad8 18. Rd6 b5 19. Bb3 c4 20. Bc2 Bc8 21.
Rfd1 Bb7 22. f3 Rxd6 23. Bxd6 Qf7 24. f4 Rc8 1/2-1/2

[Event "XXXIII C.to Italiano femminile"]
[Site "Bratto - Castione della Presolana ITA"]
[Date "2006.08.27"]
[Round "9"]
[White "Chiarion, Elisa"]
[Black "Palmitessa, Irene"]
[Result "1-0"]
[WhiteElo "1636"]
[BlackElo "1643"]
[PlyCount "117"]
[EventDate "2006.08.19"]

1. e4 e5 2. Nf3 Nc6 3. Bc4 Bc5 4. c3 Nf6 5. d3 h6 6. O-O O-O 7. Re1 d6 8. h3
Be6 9. Bb3 Bb6 10. Bc2 Re8 11. d4 Bd7 12. Be3 a6 13. Nbd2 Qc8 14. Kh2 Ba7 15.
Rc1 Nh7 16. dxe5 Nxe5 17. Nh4 Be6 18. f4 Bxe3 19. Rxe3 Ng6 20. Nxg6 fxg6 21.
Nf3 Qd8 22. Nd4 Bf7 23. Qe2 g5 24. Rf1 b5 25. b3 c5 26. Nf5 Qc7 27. e5 dxe5 28.
fxe5 Nf6 29. Nxh6+ gxh6 30. Rxf6 Kg7 31. Rd6 Rxe5 32. Rxe5 Qxd6 33. Kh1 Rd8 34.
Re7 Kf6 35. Ra7 Bg6 36. Qf3+ Ke5 37. Qe3+ Kf6 38. Qf2+ Ke5 39. Bxg6 Qxg6 40.
Qxc5+ Rd5 41. Re7+ Kf6 42. Qc6+ Kxe7 43. Qxg6 Rd6 44. Qe4+ Re6 45. Qb7+ Kf6 46.
Kg1 Kg6 47. Kf2 Kf6 48. Qh7 Ke5 49. Ke3 Kd5+ 50. Kd3 Kc5 51. Qf5+ Kd6 52. Kd4
Ke7 53. g4 Rf6 54. Qxf6+ Kxf6 55. Kc5 Kg6 56. Kb6 h5 57. Kxa6 hxg4 58. hxg4 Kf6
59. Kxb5 1-0

[Event "XXXIII C.to Italiano femminile"]
[Site "Bratto - Castione della Presolana ITA"]
[Date "2006.08.27"]
[Round "9"]
[White "Chierici, Marianna"]
[Black "Di Cerbo, Giulia"]
[Result "1/2-1/2"]
[WhiteElo "1938"]
[BlackElo "1914"]
[PlyCount "92"]
[EventDate "2006.08.19"]

1. e4 e6 2. d3 d5 3. Nd2 Nf6 4. g3 c5 5. Bg2 Nc6 6. Ngf3 Be7 7. O-O O-O 8. e5
Nd7 9. Re1 Qc7 10. Qe2 b6 11. Nf1 Ba6 12. Bf4 c4 13. dxc4 Bxc4 14. Qd1 Rac8 15.
h4 Rfe8 16. Bh3 Bxf1 17. Bxf1 Nc5 18. c3 Ne4 19. Bd3 Nc5 20. Bc2 Nd7 21. Qd3
Nf8 22. h5 Nb4 23. Qd2 Nxc2 24. Qxc2 Red8 25. Rad1 Qb7 26. Qd3 h6 27. Nd2 Nh7
28. Be3 Bc5 29. f4 Bxe3+ 30. Rxe3 Qd7 31. Nf3 Qa4 32. Qb1 Qc6 33. g4 Qc5 34.
Nd4 Qe7 35. Kg2 Nf8 36. Rde1 Nd7 37. Rg3 Nc5 38. g5 hxg5 39. Rxg5 Ne4 40. Rg4
Re8 41. f5 exf5 42. Rxg7+ Kxg7 43. Nxf5+ Kh8 44. Nxe7 Rxe7 45. Qc1 Rg8+ 46. Kh2
Rg5 1/2-1/2

[Event "XXXIII C.to Italiano femminile"]
[Site "Bratto - Castione della Presolana ITA"]
[Date "2006.08.27"]
[Round "9"]
[White "Costantini, Laura"]
[Black "Brunello, Roberta"]
[Result "0-1"]
[WhiteElo "2048"]
[BlackElo "1863"]
[PlyCount "80"]
[EventDate "2006.08.19"]

1. e4 e5 2. Nf3 Nc6 3. Bc4 Bc5 4. d3 Nf6 5. Bb3 a6 6. c3 d6 7. O-O Ba7 8. Be3
O-O 9. Nbd2 Ng4 10. Bxa7 Rxa7 11. d4 Nh6 12. dxe5 dxe5 13. Nc4 Qf6 14. Nfd2 Qg5
15. Ne3 Ne7 16. Kh1 Ng4 17. Nxg4 Bxg4 18. Qe1 Rd8 19. Nc4 Ng6 20. f3 Be6 21.
Qe3 Qxe3 22. Nxe3 Bxb3 23. axb3 Raa8 24. Rfd1 Nf4 25. g3 Nd3 26. Rd2 Nc5 27.
Rad1 Rxd2 28. Rxd2 Nxb3 29. Rd7 Rc8 30. Nd5 Nc5 31. Rxc7 Rxc7 32. Nxc7 Na4 33.
b4 Nxc3 34. Kg2 Kf8 35. Kf2 Ke7 36. Ke3 Kd7 37. Nd5 Nxd5+ 38. exd5 Kd6 39. Ke4
b6 40. f4 exf4 0-1

[Event "XXXIII C.to Italiano femminile"]
[Site "Bratto - Castione della Presolana ITA"]
[Date "2006.08.27"]
[Round "9"]
[White "Fittante, Giuliana"]
[Black "Santurbano, Maria Vincenza"]
[Result "0-1"]
[WhiteElo "1883"]
[BlackElo "1985"]
[PlyCount "104"]
[EventDate "2006.08.19"]

1. d4 Nf6 2. Nf3 g6 3. g3 Bg7 4. Bg2 O-O 5. O-O d6 6. c4 Nbd7 7. Nc3 c6 8. Qc2
Qc7 9. Bd2 e5 10. dxe5 dxe5 11. Rac1 Rd8 12. Rfd1 Nf8 13. h3 Bf5 14. e4 Be6 15.
b3 N6d7 16. Qb2 f6 17. Be3 Bf7 18. Qc2 Ne6 19. b4 Bf8 20. Qb2 Nb6 21. Nd5 cxd5
22. cxd5 Qe7 23. dxe6 Qxe6 24. Rxd8 Rxd8 25. Bf1 Kg7 26. Kg2 Rc8 27. a3 Nc4 28.
Bxc4 Rxc4 29. Nd2 Rxc1 30. Qxc1 Qa6 31. Qc8 Bd6 32. Qd7 g5 33. Nb3 Qc4 34. Nd2
Qa6 35. b5 Qxa3 36. Qxb7 Bc5 37. Bxc5 Qxc5 38. Qd7 Qc2 39. h4 gxh4 40. gxh4 Qa2
41. h5 Qe6 42. Qxa7 Qg4+ 43. Kh2 Qxh5+ 44. Kg2 Qg5+ 45. Kf1 Qxd2 46. b6 Qd4 47.
Qc7 Qc4+ 48. Qxc4 Bxc4+ 49. Kg2 Ba6 50. Kg3 Kg6 51. f4 Bb7 52. fxe5 fxe5 0-1